00843nam a2200241Ia 450000100060000000300090000600800410001504000130005604000130006904100120008210000210009410000290011524500400014424500600018425000110024426000130025526000190026826000490028730000560033650001540039265000240054665000310057060105IT-RoPAU130308s9999 xx 000 0 und d aIT-RoPAU cIT-RoPAU aINGLESE aHallin Daniel C. gCodice Aut. SPICS: 21201 aWe Keep America on Top of the World bWatching Television-A Pantheon guide to popular Culture a1a ed. aNEW YORK bPantheon Books c1986 [1° Ed.:1986 - Ed.Ling.Originale:1986] a"33 p. (prefazione: no ; testo: 33 [pagine: 9-41])" aInformazione televisiva nel Mondo notizie del Mattino o Intrattenimento notizie della Sera Potere della Televisione Televisione e Autorità€ Politica aTEORICHE TELEVISIVE eCodice materia Spics: 6955